logo

Bir Sreshtho Munshi Abdur Rouf Library
Jhenaidah Cadet College

পেবন ইন দ্য স্কাই / (Record no. 3293)

MARC details
000 -LEADER
fixed length control field 00722nam a2200241 a 4500
001 - CONTROL NUMBER
JCCL Control Number 3293
003 - CONTROL NUMBER IDENTIFIER
JCCL marc code BD-JhCC
005 - DATE AND TIME OF LATEST TRANSACTION
control field 20171112174748.0
008 - FIXED-LENGTH DATA ELEMENTS--GENERAL INFORMATION
fixed length control field 171112s2006 bg |||| ||a| 000 0 ben d
020 ## - INTERNATIONAL STANDARD BOOK NUMBER
International Standard Book Number 9847764190
035 ## - SYSTEM CONTROL NUMBER
system control number (BD-JhCC)3293
040 ## - CATALOGING SOURCE
Original cataloging agency BD-JhCC
Modifying agency BD-JhCC
041 ## - LANGUAGE CODE
Language code of Book ben
082 ## - DEWEY DECIMAL CLASSIFICATION NUMBER
Classification number 813.54
Author mark and Year AZI 2006
100 ## - MAIN ENTRY--PERSONAL NAME
Personal name আজিমভ, আইজ্যাক
245 ## - TITLE STATEMENT
Title পেবন ইন দ্য স্কাই /
Statement of responsibility, etc আইজ্যাক আজিমভ,
260 ## - PUBLICATION, DISTRIBUTION, ETC. (IMPRINT)
Place of publication, distribution, etc ঢাকা :
Name of publisher, distributor, etc ঐতিহ্য প্রকাশন,
Date of publication, distribution, etc 2006
300 ## - PHYSICAL DESCRIPTION
Pagination 327 p. :
Dimensions 20 cm.
650 ## - SUBJECT ADDED ENTRY--TOPICAL TERM
Topical term or geographic name as entry element Fiction
700 ## - ADDED ENTRY--PERSONAL NAME
Personal name মাসুদ, আসরার (অনু)
942 ## - ADDED ENTRY ELEMENTS (KOHA)
Source of classification or shelving scheme Dewey Decimal Classification
Koha item type Books
Holdings
Source of classification or shelving scheme Damaged status Not for loan Home library Current library Shelving location Date of accession Cost, normal purchase price Total Checkouts Full call number Barcode Date last seen Copy number Koha item type
Dewey Decimal Classification     JCC Rouf Library JCC Rouf Library General Stacks 11/12/2017 200.00   813.54 AZI 2006 4254 11/12/2017 C-1 Books

JCC Library | Contacts | JCC Home

Last Update on 23 September 2017
Copyright @ 2017-2020 JCC Rouf Library
Rouf Library, Jhenidah Cadet College (JCC), Bangladesh